Broadband networking / (Record no. 5538)

MARC details
000 -LEADER
fixed length control field 00963nac a22002411u 4500
010 ## - LIBRARY OF CONGRESS CONTROL NUMBER
LC control number 2002514057
020 ## - INTERNATIONAL STANDARD BOOK NUMBER
International Standard Book Number 007219510X
082 00 - DEWEY DECIMAL CLASSIFICATION NUMBER
Classification number 621.3821
Item number CAR
090 ## - LOCALLY ASSIGNED LC-TYPE CALL NUMBER (OCLC); LOCAL CALL NUMBER (OCLC)
-- 5538
-- 5538
100 ## - MAIN ENTRY--PERSONAL NAME
Personal name Carty, Glen.
245 10 - TITLE STATEMENT
Title Broadband networking /
Statement of responsibility, etc Glen Carty.
260 ## - PUBLICATION, DISTRIBUTION, ETC. (IMPRINT)
Place of publication, distribution, etc New York :
Name of publisher, distributor, etc McGraw-Hill/Osborne,c2002.
Date of publication, distribution, etc c2002.
300 ## - PHYSICAL DESCRIPTION
Extent xviii, 461 p. :
Other physical details ill. ;
Dimensions 24 cm.
440 #0 -
-- Network professional's library
500 ## - GENERAL NOTE
General note Includes "Network professional library broadband networking" (network bluebrints and diagrams) on 8 p. of plates.
500 ## - GENERAL NOTE
General note Includes index.
500 ## - GENERAL NOTE
General note Distributer : Al-Ahram.
511 ## - PARTICIPANT OR PERFORMER NOTE
Participant or performer note Catalogued By: Mahitab.
650 #0 - SUBJECT ADDED ENTRY--TOPICAL TERM
Topical term or geographic name as entry element Broadband communication systems.
856 41 - ELECTRONIC LOCATION AND ACCESS
Materials specified Table of contents
Uniform Resource Identifier <a href="http://www.loc.gov/catdir/toc/mh031/2002514057.html">http://www.loc.gov/catdir/toc/mh031/2002514057.html</a>
856 41 - ELECTRONIC LOCATION AND ACCESS
Materials specified Publisher description
Uniform Resource Identifier <a href="http://www.loc.gov/catdir/description/mh031/2002514057.html">http://www.loc.gov/catdir/description/mh031/2002514057.html</a>
942 ## - ADDED ENTRY ELEMENTS (KOHA)
Item type Book - Borrowing
Call number prefix 621.3821CAR
Holdings
Withdrawn status Item status Damaged status Not for loan Home library Current library Shelving location Date acquired Source of acquisition Total Checkouts Full call number Barcode Date last seen Koha item type
        Central Library Central Library First floor 30/10/2007 Purchase   621.3821CAR 000007014 15/07/2025 Book - Borrowing